000 00299nam a22001337a 4500
008 170622b xxu||||| |||| 00| 0 eng d
020 _a9781483340074
041 _aeng
080 _a32
100 _a20
101 _aSHP
245 _aUNDERSTANDING GLOBAL CULTURES
_cGANNON, M.J
942 _2udc
_cBK
999 _c18718
_d18718